Organisation and Management : (Record no. 351703)
[ view plain ]
| 000 -LEADER | |
|---|---|
| fixed length control field | 00490nam a22001817a 4500 |
| 003 - CONTROL NUMBER IDENTIFIER | |
| control field | OSt |
| 005 - DATE AND TIME OF LATEST TRANSACTION | |
| control field | 20180116183053.0 |
| 008 - FIXED-LENGTH DATA ELEMENTS--GENERAL INFORMATION | |
| fixed length control field | 160901b xxu||||| |||| 00| 0 eng d |
| 020 ## - INTERNATIONAL STANDARD BOOK NUMBER | |
| International Standard Book Number | 0 |
| 040 ## - CATALOGING SOURCE | |
| Transcribing agency | 0 |
| 082 ## - DEWEY DECIMAL CLASSIFICATION NUMBER | |
| Classification number | 658.4 GVI 1972 |
| 100 ## - MAIN ENTRY--PERSONAL NAME | |
| Personal name | Gvishiani,D |
| 245 ## - TITLE STATEMENT | |
| Title | Organisation and Management : |
| Remainder of title | A sociological analysis of western theories |
| Statement of responsibility, etc. | D.Gvishiani |
| 260 ## - PUBLICATION, DISTRIBUTION, ETC. | |
| Place of publication, distribution, etc. | Moscow |
| Name of publisher, distributor, etc. | Progress |
| Date of publication, distribution, etc. | 1972 |
| 300 ## - PHYSICAL DESCRIPTION | |
| Extent | 461 p. |
| Other physical details | HB |
| 440 ## - SERIES STATEMENT/ADDED ENTRY--TITLE | |
| Title | Organisation and Management : |
| 942 ## - ADDED ENTRY ELEMENTS (KOHA) | |
| Source of classification or shelving scheme | |
| Koha item type | Book |
| Withdrawn status | Lost status | Source of classification or shelving scheme | Damaged status | Not for loan | Collection code | Permanent Location | Current Location | Shelving location | Date acquired | Total Checkouts | Full call number | Barcode | Date last seen | Price effective from | Koha item type |
|---|---|---|---|---|---|---|---|---|---|---|---|---|---|---|---|
| Central Library (CL) | Central Library (CL) | General Stacks | 09/01/2016 | 658.4 GVI 1972 | NBSD-2801 | 09/01/2016 | 09/01/2016 | Book |
